| 000 | 01032nam0a22002771 4500 | ||
|---|---|---|---|
| 001 | rc\4184557 | ||
| 005 | 20130415192832.3 | ||
| 021 |
_aRU _b[51-28270] |
||
| 035 | _a(NLR Aleph) 008192355 | ||
| 090 |
_a7984047 _c7984047 |
||
| 100 | _a20130415d1951 |||y0rusy50 ca | ||
| 101 | 1 |
_arus _cgeo |
|
| 102 | _aRU | ||
| 105 | _ay z |||a| | ||
| 200 | 1 |
_aИосиф Лагиашвили _eРоман _fПер. с груз. Н.Г. Аккермана _gЛит. ред. Н.К. Чуковского |
|
| 210 |
_aТбилиси _cЗаря Востока _d1951 |
||
| 215 |
_a196 с. _d20 |
||
| 606 |
_aРеволюционное движение в Грузии _z19 в. (х. л.) _2psbo |
||
| 700 | 1 |
_aХахуташвили _bА. А. _gАнна Антоновна |
|
| 702 | 1 |
_aАккерман _bН. Г. _4730 |
|
| 702 | 1 |
_aЧуковский _bН. К. _f1904-1965 _gНиколай Корнеевич _3RU\NLR\auth\7770798 _4340 |
|
| 801 | 0 |
_aRU _bNLR _gpsbo |
|
| 801 | 1 |
_aRU _bELAR _2rusmarc |
|
| 852 |
_aNLR _jЛ40 Г-3/854 |
||
| 942 | _cBOOK | ||
| 980 | _aNB | ||